|
|
|
|
| LEADER |
02467njm a2200445 a 4500 |
| 001 |
000793487 |
| 003 |
CZ BrMZK |
| 005 |
20070604095712.0 |
| 007 |
sd fsngnnmmned |
| 008 |
051018s2005 xr bs cze d |
| 015 |
|
|
|a cnb001579454
|
| 028 |
0 |
1 |
|a SU 5652-2
|b Supraphon
|
| 040 |
|
|
|a BOA001
|b cze
|
| 072 |
|
7 |
|a 821-93
|x Literatura pro děti a mládež (beletrie)
|2 Konspekt
|9 26
|
| 072 |
|
7 |
|a 821.162.3-3
|x Česká próza
|2 Konspekt
|9 25
|
| 080 |
|
|
|a 821.162.3-34
|2 MRF
|
| 080 |
|
|
|a (0:82-34)
|2 MRF
|
| 080 |
|
|
|a (0:82-2)792.97
|2 MRF
|
| 080 |
|
|
|a (086.7.053.2)
|2 MRF
|
| 080 |
|
|
|a (086.76)
|2 MRF
|
| 100 |
1 |
|
|a Kirschnerová, Denisa,
|d 1974-
|7 jn20000620160
|4 aut
|
| 245 |
1 |
0 |
|a Hurvínek na pouti
|h [zvukový záznam] /
|c Denisa Kirschnerová, Martin Klásek
|
| 260 |
|
|
|a Praha :
|b Supraphon,
|c p2005
|
| 300 |
|
|
|a 1 zvuková deska (59:26) :
|b digital, stereo ;
|c 12 cm +
|e 1 leták (12 x 12 cm)
|
| 306 |
|
|
|a 005926
|
| 500 |
|
|
|a Hudba Jan Rotter
|
| 505 |
0 |
0 |
|t Hrůza, Spejbla políbila múza! --
|t Hurvínek jen zírá, na pouť vede v plotě díra --
|t Balónků je jako smetí, a tak děti vzduchem letí --
|t V cirkuse se cvičit musí, někdy to jsou však psí kusy --
|t Ten kdo správně zamíří, tak se potom nepýří --
|t Hurvínek má spoustu řečí, Mánička zas v kleči ječí --
|t Za co Hurvajz vatu koupí? Snad ji, lumpík, neuloupí?! --
|t Strašidelný zámek čeká, tam se každý rád vyleká --
|t Když nemáš strach, brachu, strašidlo je v prachu --
|t Paní Evža bradou klapla, když obluda po ní chňapla --
|t Zámek cvakl, odlétá, z Máničky je raketa --
|t Nečekejte žádnou slávu, Spejbl miří na brigádu
|
| 508 |
|
|
|a Režie Helena Štáchová ; producent Jiří Tušl
|
| 511 |
1 |
|
|a Martin Klásek (Spejbl, Hurvínek, pes Ťufík), Helena Štáchová (Mánička, bábinka, 2. děcko) a další ; hudební doprovod Jan Rotter a další
|
| 655 |
|
7 |
|a české pohádky
|7 fd133970
|2 czenas
|
| 655 |
|
7 |
|a loutkové hry
|7 fd132777
|2 czenas
|
| 655 |
|
7 |
|a zvukové záznamy pro děti a mládež
|7 fd186726
|2 czenas
|
| 655 |
|
7 |
|a kompaktní desky
|7 fd201991
|2 czenas
|
| 700 |
1 |
|
|a Klásek, Martin,
|d 1957-
|7 jo20010084536
|4 aut
|4 act
|
| 700 |
1 |
|
|a Rotter, Jan
|7 jx20050905049
|4 cmp
|4 itr
|
| 700 |
1 |
|
|a Štáchová, Helena,
|d 1944-2017
|7 jn19990209886
|4 drt
|4 act
|
| 910 |
2 |
|
|a BOA001
|b CDA-1159.566
|
| 990 |
|
|
|a AV
|
| 991 |
|
|
|b 200512
|
| 996 |
6 |
|
|b 2610262320
|c CDA-1159.566
|l MZK
|r Sklad / do 24 hodin
|n 0
|p p.v.
|w 000793487
|u 000010
|a 1
|e BOA001
|j MZK50
|s P
|